| 000 | 004680000a22001690004500 | ||
|---|---|---|---|
| 003 | MACL | ||
| 005 | 20160112151801.0 | ||
| 008 | 160112b xxu||||| |||| 00| 0 eng d | ||
| 040 |
_aMACL _cMACL |
||
| 041 | _aEnglish | ||
| 082 | _a934/AUB | ||
| 100 |
_aAuboyer, Jeannine _931442 |
||
| 245 |
_aDaily Life in Ancient india _bfrom approximately 200 BC to AD 700 |
||
| 260 |
_bAsia Publishing House _c1961 _aBritain |
||
| 650 |
_aHistory _931443 |
||
| 942 |
_cBK _k934/AUB _2ddc |
||
| 999 |
_c35545 _d35545 |
||